Quel est ce jeu vidéo ? - Armes et accesoires - Nintendo - Statistiques

Statistiques générales
  • Ce quiz a été pris 56 fois
  • Le résultat moyen est 11 sur 16
Statistiques - réponses
Par images Réponse % Correct
Mario Kart
98%
The Legend of Zelda
98%
Splatoon
91%
Animal Crossing
87%
Luigi's Mansion 2
85%
Metroid
81%
Super Mario Sunshine
72%
Star Fox
68%
Xenoblade Chronicles
64%
Mega Man
62%
F-Zero
57%
Kid Icarus
57%
Kirby
51%
Fire Emblem
47%
Bayonetta
45%
Banjo-Kazooie
36%
Aucun quiz correspondant
Distribution des résultats
% des personnes avec chaque résultat
Percentile par nombre de réponses
Votre historique - résultats
Vous n’avez pas pris ce quiz